Management of technology (Record no. 29722)

000 -LEADER
fixed length control field 00547nam a2200205 i 4500
001 - CONTROL NUMBER
control field 29722
003 - CONTROL NUMBER IDENTIFIER
control field BD-DhUET
008 - FIXED-LENGTH DATA ELEMENTS--GENERAL INFORMATION
fixed length control field 830304s1979 dcu b 001 0 eng d
020 ## - INTERNATIONAL STANDARD BOOK NUMBER
International Standard Book Number 0412643707
040 ## - CATALOGING SOURCE
Original cataloging agency NNC
Transcribing agency NNC
Modifying agency BD-DhUET
082 ## - DEWEY DECIMAL CLASSIFICATION NUMBER
Classification number 658
Item number LOW/1995
100 ## - MAIN ENTRY--PERSONAL NAME
Personal name Lowe, Paul
245 14 - TITLE STATEMENT
Title Management of technology
Remainder of title perception and opportunities
250 ## - EDITION STATEMENT
Edition statement 1st ed.
260 ## - PUBLICATION, DISTRIBUTION, ETC. (IMPRINT)
Place of publication, distribution, etc. London
Name of publisher, distributor, etc. Chapman & Hall
Date of publication, distribution, etc. 1995
300 ## - PHYSICAL DESCRIPTION
Extent xxi, 358p.
504 ## - BIBLIOGRAPHY, ETC. NOTE
Bibliography, etc Includes bibliographies
650 #0 - SUBJECT ADDED ENTRY--TOPICAL TERM
Topical term or geographic name as entry element Technological innovations-Management
942 ## - ADDED ENTRY ELEMENTS (KOHA)
Koha item type General Book
Holdings
Shelving location Price effective from Location (home branch) Damaged status Koha date last borrowed Not for loan Koha date last seen Source of classification or shelving scheme Koha out on loan Piece designation (barcode) Sublocation or collection (holding branch) Koha full call number Koha issues (times borrowed) Copy number Date acquired Withdrawn status Koha item type Koha renewals Lost status Koha normalized classification for sorting
Reading section2015-06-17Central Library, BUET   2015-06-17  90831Central Library, BUET658/LOW/1995 12015-06-17 General Book  658_000000000000000_LOW_1995
Circulation section2018-07-16Central Library, BUET 2018-11-20 2021-12-26  116349Central Library, BUET658/LOW/1995122018-06-23 General Book  658_000000000000000_LOW_1995
Circulation section2018-07-16Central Library, BUET 2018-11-24 2018-11-24 2025-11-30116350Central Library, BUET658/LOW/1995132018-06-23 General Book1 658_000000000000000_LOW_1995